000 01462nam a2200313 a 4500
001 57721
003 BD-RJUL
005 20211209080539.0
008 161211s1981 enka b 101 0 eng
020 _a0122246608
035 _aBD-RJUL 57845
040 _aDLC
_cDLC
_beng
041 0 _aengfre
082 _223
_a306.87
_bMAR 1981
245 0 0 _aMarriage et remarriage dans les populations DU passe /
_cedited by J. Dupâquier ... [et al.]
260 _aLondon :
_bAcademic Press,
_c1981
300 _axix, 663 p. :
_bill ;
_c24 cm
490 1 _aPopulation and social structure : advances in historical demography
500 _a"Proceedings of the International Colloquium on Historical Demography 'Nuptiality and Fertility: Plural Marriage and Illegitimate Fertility,' Kristiansand, Norway, 7-9th September 1979. Organized by the International Committee of Historical Sciences and the International Union for the Scientific Study of Population"--Ser. t.p
500 _aEnglish or French with summaries in the other language
500 _aTitle on added t.p.: Mariage et remariage dans les populations du passé
504 _aIncludes bibliographical references and index
650 0 _aRemarriage
_9171423
650 0 _aIllegitimate children
_xHistory
_9171424
700 1 _aDupâquier, Jacques.
_9171425
740 0 _aMariage et remariage dans les populations du passé
830 0 _aPopulation and social structure :
_9171430
942 _2ddc
_cBK
999 _c57721
_d57721